Who Did That Rock Song? #2 - Statistics

General Stats
  • This quiz has been taken 293 times
  • The average score is 10 of 20
Answer Stats
Year Song Answer % Correct
1976 Hotel California Eagles
94%
1957 Jailhouse Rock Elvis Presley
90%
1991 Come As You Are Nirvana
85%
1967 Purple Haze Jimi Hendrix
72%
1969 Gimme Shelter The Rolling Stones
71%
1977 Anarchy in the U.K The Sex Pistols
69%
1971 Baba O'Riley The Who
65%
1994 Black Hole Sun Soundgarden
62%
1965 Like a Rolling Stone Bob Dylan
59%
1982 Run to the Hills Iron Maiden
53%
1984 Dancing in the Dark Bruce Springsteen
51%
1975 Rhiannon Fleetwood Mac
46%
2002 By The Way Red Hot Chili Peppers
39%
2003 St.Anger Metallica
38%
1998 Closing Time Semisonic
27%
2006 When you were Young The Killers
27%
2001 Plug in Baby Muse
23%
2011 Lonely Boy The Black Keys
22%
1964 Don't Worry Baby The Beach Boys
18%
1970 I Wonder Sixto Rodriguez
4%
No matching quizzes found
Score Distribution
Percent of People with Each Score
Percentile by Number Answered
Your Score History
You have not taken this quiz